A guide to the preventive conservation of photograph collections

Αποθηκεύτηκε σε:
Λεπτομέρειες βιβλιογραφικής εγγραφής
Κύριος συγγραφέας: Lavedrine, Bertrand
Άλλοι συγγραφείς: Gandolfo, Jean-Paul, Monod, Sibylle, Grevet, Sharon (Μεταφραστής)
Μορφή: Βιβλίο
Γλώσσα:English
French
Δημοσίευση: Los Angeles : Getty Conservation Institute, 2003
Θέματα:
Ετικέτες: Προσθήκη ετικέτας
Δεν υπάρχουν, Καταχωρήστε ετικέτα πρώτοι!

MARC

LEADER 00000nam a2200000 i 4500
001 1/93253
008 080904s2003 eng d
020 |a 0-89236-701-6 
035 |l 10099925 
040 |a GR-MY-UA  |b gre  |e aacr 
041 0 |a eng  |h fre 
082 0 |a 770.74  |2 (22) 
100 1 |a Lavedrine, Bertrand. 
245 1 2 |a A guide to the preventive conservation of photograph collections /  |c Bertrand Lavdrine, Jean-Paul Gandolfo, Sibylle Monod ; translated from the French by Sharon Grevet 
260 |a Los Angeles :   |b Getty Conservation Institute,   |c 2003 
300 |a xvi, 286 σ.;  |b πίν., έγχρ. εικ;  |c 25 εκ.  
504 |a Ευρετήριο: σ. 277-286 
650 0 0 |a Photographs  |x Conservation and restoration. 
650 0 0 |a Photograph collections  |x Conservation and restoration. 
700 1 |a Gandolfo, Jean-Paul. 
700 1 |a Monod, Sibylle. 
700 1 |a Grevet, Sharon.  |4 trl 
852 |a INST  |b LESVOS  |e 20080904  |h 770.74 LAV  |p 005100042864  |q 005100042864  |t BK  |y 0 
901 |a BIBL1-2008-3 
909 |a Λ  |b 152373 
922 |a 1ΕΛΗ  |b 200803  |c ΕΠΕΑΕΚ2/ΠΤΕ  |d ΕΛΕΥΘΕΡΟΥΔΑΚΗΣ 
970 |a ΧΑΤΖΗΜΙΧΑΗΛ  |b ΜΑΡΙΑ  |z 2008/09/04